| 000 | 00846nas a2200265 4500 | ||
|---|---|---|---|
| 001 | BR0502750 | ||
| 003 | BR-BrBNA | ||
| 005 | 20231205105423.0 | ||
| 007 | ta | ||
| 008 | 230509b bl.|||p| |||| 00| 00por d | ||
| 040 |
_aBR-BrBNA _bpor _cBiblioteca Nacional de Agricultura |
||
| 041 | _a(Pt) | ||
| 072 | _aP34; P35 | ||
| 100 | 1 | _aSouza, J.A. de | |
| 245 | 1 | _aGeneralidades sobre efeitos benéficos da matéria orgânica na agricultura | |
| 650 | _aHÚMUS | ||
| 650 | _aMATÉRIA ORGÂNICA | ||
| 650 | _aFERTILIDADE DO SOLO | ||
| 650 | _aRECUPERAÇÃO DO SOLO | ||
| 650 | _aFÍSICA DO SOLO | ||
| 650 | _aCÁTION | ||
| 773 | 0 |
_tInforme Agropecuário - Empresa de Pesquisa Agropecuária de Minas Gerais (Brazil) _xISSN 0100-3364 _g(2005), v. 26(224) p. 7-8 _wBR0502750 |
|
| 909 |
_a202311 _bLúcia _c55 _dLúcia Elande |
||
| 942 |
_2AGRIS _n0 _cANA |
||
| 999 |
_c182878 _d182878 |
||